Регионална библиотека "Любен Каравелов" - Русе

Архипелаг ГУЛАГ 1918 - 1956 (Запис номер 821)

MARC детайли
000 -Лидер
Лидер 01326nam a2200313 a 4500
003 - Код на организацията, давaща контролен номер
Код на организацията, даваща контролен номер BLK
005 - Дата и час на последна редакция
Дата и час на последна редакция 20250310092706.0
008 - Елементи от данни с фиксирана дължина
Елементи с фиксирана дължина 180412b bul|||||r ||||||| ||bul||
020 ## - Международен стандартен номер на книга ISBN
ISBN 9540400805
040 ## - Източник на каталожния запис
Код на библиотеката BLK
041 ## - Код за език
Език Български
Език за КДБФ Български
080 ## - УДК
УДК текст Руска литература
УДК код 821.161.1
УДК – определител -054.7-3
УДК – код + определител 821.161.1-054.7-3
100 1# - Редна дума - Автор
Автор Солженицин, Александър Исаевич
R(LIN) 122074
245 10 - Сведения за заглавието
Заглавие Архипелаг ГУЛАГ 1918 - 1956
Подзаглавни данни Опит за худож. изследване : Т. 1 - 2
Авторска отговорност Александър Солженицин ; прев. от рус. Иван Дойчинов.
Том T. 1
250 ## - Област на изданието
Поредност на изданието 2. изд.
257 ## - Страна на издаване
Страна на създаване/издаване Русия
260 ## - Област на издателските данни
Място на издаване София
Име на издателя Нар. култура
Година на издаване 1994
Печатница В. Търново : Абагар
9 (RLIN) 209547
300 ## - Физическа характеристика
Брой страници 720 с.
Размер 22 см
380 ## - Жанр
Жанр Худож. лит.
500 ## - Общи забележки
Обща забележка Ориг. загл. Архипелаг ГУЛАГ / Александр Солженицын. - 1. изд. 1993.
700 ## - Други автори (авторска отговорност)
Друг автор Дойчинов, Иван Богданов
9 (RLIN) 373958
852 ## - Местоположение
Сигнатура (форматна) Цб 176848
Отдел Хранилище
852 ## - Местоположение
Отдел Заемна - подръчен фонд
Систематично-азбучна сигнатура 821.161.1-3/С 51 А
856 4# - Електронен адрес и достъп
Електронен формат pdf - файл
Път до файла (ресурса)
856 4# - Електронен адрес и достъп
Електронен формат pdf - файл
Път до файла (ресурса)
942 ## - АРТИКУЛИ
Вид на библиотечния документ Книги
Скрит в OPAC Не
Koha issues (borrowed), all copies 2
944 ## - СЪЗДАВАНЕ И РЕДАКЦИЯ на ЗАПИСА
Създаване/Редакция Създаване
Дата на регистрацията/редакция 15.01.2003
Служител, извършил регистрацията/редакцията 30535
Номер на служител Христина Везирева
999 ## - СИСТЕМНИ КОНТРОЛНИ НОМЕРА
Koha biblionumber 821
Koha biblioitemnumber 821
Наличности
Код за отписване Код за изгубен артикул Източник на класификационната схема Код за повреда Коз за рестрикции Код за отдаване Артикулен № Име на библиотеката - собственик Име на библиотеката, в която се намира в момента Статус (Текущо местоположение) Дата на вписване в системата Местоположение - отдел Цена в лева Инвентарен номер Систематично азбучна сигнатура Баркод Номер на екземпляра Цена в евро Служебна бележка Служебен тип на артикула
  Не е изгубен Universal Decimal Classification Не е повреден без рестрикции ползва се в читалня 1705 Регионална библиотека "Любен Каравелов" Русе Регионална библиотека "Любен Каравелов" Русе Хранилище 1994-01-01 Хранилище 2.00 601230 Цб 176848 120000601230 1 1.02 Дост: Dp Вид: Д N: 13 Дата: 01.01.1994 Книги
Изтеглен Не е изгубен Universal Decimal Classification Не е повреден без рестрикции заемане за дома 1706 Регионална библиотека "Любен Каравелов" Русе Регионална библиотека "Любен Каравелов" Русе Заемна - подръчен фонд 1994-01-01 Заемна - подръчен фонд 2.00 603407 П 882-3/С 51 603407 2 1.02 Дост: Pk Вид: Ф N: стар фонд Дата: 01.01.1994 Дата инв: 09.02.2018 Бележки инв: П2018 Книги
  Не е изгубен Universal Decimal Classification Не е повреден   заемане за дома 942463 Регионална библиотека "Любен Каравелов" Русе Регионална библиотека "Любен Каравелов" Русе Заемна - подръчен фонд 2024-04-18 Заемна - подръчен фонд 10.00 120000901486 821.161.1-31/С 51 А 120000901486   5.11   Книги
Vip Innovations Ltd, Rousse, Bulgaria 2025